000 00836nam0a22002411 4500
001 rc\2830409
005 20250529201252.0
035 _a(NLR Aleph) 006988387
090 _a5601859
_c5601859
100 _a20110625d1928 |||y0rusy50 ca
101 0 _arus
102 _aRU
105 _ay z |||||
200 1 _aПятигорск, как питьевой курорт
210 _a[Пятигорск]
_cБ. и.
_d[1928]
215 _aС. 94-106
300 _aВ кн.: Труды Бальнеологического ин-та на Кавказских Минеральных Водах. Т. 6. Пятигорск, 1928. С. 94-106
700 1 _aЗипалов
_bВ.Д.
_f1887-
_gВладимир Дмитриевич
801 0 _aRU
_bNLR
_gpsbo
801 1 _aRU
_bELAR
_2rusmarc
852 _aNLR
_j5-140(6)
942 _cBOOK
980 _aNB